Sáng tác của Dostoevski - Những tiếp cận từ nhiều phía : Chuyên đề thông tin khoa học xã hội /
Guardado en:
| Otros Autores: | , , , , , |
|---|---|
| Formato: | Sách giấy |
| Lenguaje: | Vietnamese |
| Publicado: |
Hà Nội :
Viện Thông tin Khoa học xã hội ,
2000
|
| Etiquetas: |
Agregar Etiqueta
Sin Etiquetas, Sea el primero en etiquetar este registro!
|
| Thư viện lưu trữ: | Thư viện Trường Đại học Đà Lạt |
|---|
| LEADER | 00885nam a2200301 4500 | ||
|---|---|---|---|
| 001 | DLU020018870 | ||
| 005 | ##10/18/2001 | ||
| 020 | # | # | |a 978- |
| 041 | # | # | |a vie |
| 082 | # | # | |a 891.78 |b San |
| 245 | # | # | |a Sáng tác của Dostoevski - Những tiếp cận từ nhiều phía : |b Chuyên đề thông tin khoa học xã hội / |c M. Khrapchenko, I. Volgin, V. Bogdanov; Hà Minh, Thu Giang, Lê Sơn dịch |
| 260 | # | # | |a Hà Nội : |b Viện Thông tin Khoa học xã hội , |c 2000 |
| 300 | # | # | |a 392 tr.; |c 19 cm. |
| 700 | # | # | |a Bogdanov, V. |
| 700 | # | # | |a Hà Minh |e dịch |
| 700 | # | # | |a Khrapchenko, M. |
| 700 | # | # | |a Lê Sơn |e dịch |
| 700 | # | # | |a Thu Giang |e dịch |
| 700 | # | # | |a Volgin, I. |
| 992 | # | # | |a 33000 |
| 994 | # | # | |a DLU |
| 900 | # | # | |a False |
| 911 | # | # | |a Administrator |
| 925 | # | # | |a G |
| 926 | # | # | |a A |
| 927 | # | # | |a SH |
| 980 | # | # | |a Thư viện Trường Đại học Đà Lạt |